000 00614nam a2200229Ia 4500
003 OSt
005 20221006140819.0
006 a|||||r|||| 00| 0
007 ta
008 221006b |||||||| |||| 00| 0 eng d
020 _cL 14.99
024 _a701
037 _b45304, 27/12/2000, S S S
_cTextual
040 _aEASL
_cEASL
_beng
041 _2eng
_aeng
100 _aCABLE James
245 0 _aGeneva conference of 1954 on Indo-China
260 _aLondon
_bMacmilan Press
_c1986
300 _a186p.
_ccm.
942 _cTEXL
_2CC
999 _c1068787
_d1068787